| 000 | 02001nam a2200289Ia 4500 | ||
|---|---|---|---|
| 999 |
_c54201 _d54201 |
||
| 001 | 21257 | ||
| 003 | GE_BSU | ||
| 005 | 20190919122752.0 | ||
| 008 | 181216s2016||||ge |||||||||||||| ||geo|| | ||
| 020 | _a9789941462351 | ||
| 040 | _cGE_BSU | ||
| 041 | _a geo | ||
| 080 | _a515.12(075.8) ბ-20 | ||
| 100 |
_aბალაძე , ვლადიმერ. _94118 |
||
| 245 |
_aტოპოლოგია. ნაწ. 1. ზოგადი ტოპოლოგიის საფუძვლები : _bსახელმძღვანელო მათემატიკაში / _cვლადიმერ ბალაძე . |
||
| 264 |
_aბათუმი : _bბათუმის შოთა რუსთაველის სახელმწ. უნ-ტი, _c2016. |
||
| 300 |
_a285 გვ. : _c24 სმ. |
||
| 300 | _eბიბლიოგრ.: გვ. 267-268. | ||
| 500 | _aსიმბოლოების ინდექსი: გვ. 269-284. | ||
| 504 | _aბიბლიოგრ.: გვ. 267-268. | ||
| 520 | _aეძღვნება ქართული აბსტრაქტული მათემატიკური სკოლის ფუძემდებლის და საზოგადო მოღვაწის, აკად. გიორგი ჭოღოშვილის დაბადების 100 წლისთავს. | ||
| 600 |
_aეძღვნება ქართული აბსტრაქტული მათემატიკური სკოლის ფუძემდებლის და საზოგადო მოღვაწის, აკად. გიორგი ჭოღოშვილის დაბადების 100 წლისთავს. _94120 |
||
| 653 | _aზოგადი ტიპოლოგია | ||
| 653 | _aზოგადი ტოპოლოგიის საფუძვლები | ||
| 653 | _aმათემატიკა | ||
| 942 |
_cBK _2udc |
||